Ooo Kitap : (Kayıt no. 13783)
[ düz görünüm ]
| 000 -BAŞLIK | |
|---|---|
| Sabit Uzunlukta Kontrol Alanı | 00709nam a22002537a 4500 |
| 999 ## - SİSTEM KONTROL NUMARALARI (KOHA) | |
| Koha Biblionumber | 13783 |
| Koha Biblioitemnumber | 13783 |
| 003 - KONTROL NUMARASI IDENTIFIER | |
| Denetim Alanı | MIRAKIL |
| 005 - SON İŞLEM TARİHİ VE ZAMANI | |
| Denetim Alanı | 20211214000618.0 |
| 008 - SABİT-BOY VERİ ELEMANLARI - GENEL BİLGİLER | |
| Sabit Uzunlukta Kontrol Alanı | 200219b tu ||||| |||| 00| 0 tur d |
| 020 ## - ULUSLARARASI STANDART KİTAP NUMARASI | |
| Uluslararası Standart Kitap Numarası | 9786058737709 |
| 040 ## - KATALOGLAMA KAYNAK | |
| Orijinal Kataloglama Ajansı | TR-AnCHP |
| Metne Dönüştürmek Ajansı | TR-AnCHP |
| 041 ## - DİL KODU | |
| Metin / Ses Parça Veya Ayrı Başlığın Dil Kodu | TUR. |
| 082 ## - DEWEY ONLU SINIFLANDIRMA NUMARASI | |
| Sınıflandırma Numarası | 322.1 |
| Ürün Numarası | Ş44o 2011 |
| 100 1# - ANA GİRİŞ - KİŞİSEL İSİM | |
| Kişisel Ad | Şık, Ahmet |
| 245 10 - BAŞLIK TABLOSU | |
| Başlık | Ooo Kitap : |
| Başlığın Kalan | Dokunan Yanar/ |
| Sorumluluk Tablosu, Vb | Ahmet Şık. |
| 250 ## - EDITION TABLOSU | |
| Baskı Beyanı | 5 bs. |
| 260 ## - YAYIN, DAĞITIM, VB | |
| Yayın, Dağıtım, Vb Yeri | İstanbul: |
| Yayıncı, Dağıtıcı, Vs Adı | Postacı Yayınevi, |
| Yayın, Dağıtım, Vb Tarihi | 2011. |
| 300 ## - FİZİKSEL TANIM | |
| Kapsam | 383 s.: |
| Boyutlar | 20 sm. |
| 490 0# - SERİSİ TABLOSU | |
| Seri Beyanı | Postacı yayınevi; |
| -- | İnceleme; |
| Hacim / Ardışık Tanımı | 1. |
| -- | 1. |
| 650 #0 - KONU KATMA GİRİŞ - TOPİKAL DÖNEM | |
| Topikal Süreli Veya Coğrafi Ad Giriş Elemanı | Siyaset ve yönetim |
| Genel Alt Bölümü | Türkiye |
| 9 (RLIN) | 9 |
| 650 #0 - KONU KATMA GİRİŞ - TOPİKAL DÖNEM | |
| 9 (RLIN) | 460 |
| Topikal Süreli Veya Coğrafi Ad Giriş Elemanı | Gülen Cemaati |
| Genel Alt Bölümü | Örgüt yapısı |
| 740 ## - KATMA GİRİŞ - KONTROLSUZ İLGİLİ / ANALİTİK BAŞLIK | |
| Kontrol Edilmeyen / İlgili Analitik Başlıktaki | Dokunan Yanar |
| 942 ## - EKLENDİ GİRİŞ ELEMANLARI (KOHA) | |
| Sınıflandırma Veya Raf Düzeni Kaynak | Dewey Decimal Classification |
| Koha Öğesi Türü | Kitaplar |
| 999 ## - SİSTEM KONTROL NUMARALARI (KOHA) | |
| Koha Biblioitemnumber | 13783 |
| Kalıcı Konum | Mevcut Konum | Edinme Tarihi | Toplam Check-Out'Lar | Tam Çağrı Numarası | Barkod | Tarih Son Görülme | İtibaren Geçerli Fiyatlar | Koha Öğesi Türü |
|---|---|---|---|---|---|---|---|---|
| Parti Okulu Kütüphanesi | Parti Okulu Kütüphanesi | 02/19/2020 | 322.1 Ş44o 2011 | P00591 | 02/19/2020 | 02/19/2020 | Kitaplar |
